<?xml version="1.0" encoding="UTF-8"?><?xml-stylesheet type="text/xsl" href="static/style.xsl"?><OAI-PMH xmlns="http://www.openarchives.org/OAI/2.0/" xmlns:xsi="http://www.w3.org/2001/XMLSchema-instance" xsi:schemaLocation="http://www.openarchives.org/OAI/2.0/ http://www.openarchives.org/OAI/2.0/OAI-PMH.xsd"><responseDate>2026-06-02T00:36:12Z</responseDate><request verb="GetRecord" identifier="oai:riuma.uma.es:10630/12434" metadataPrefix="marc">https://riuma.uma.es/rest/oai/request</request><GetRecord><record><header><identifier>oai:riuma.uma.es:10630/12434</identifier><datestamp>2026-02-03T12:29:32Z</datestamp><setSpec>com_10630_2254</setSpec><setSpec>col_10630_37959</setSpec></header><metadata><record xmlns="http://www.loc.gov/MARC21/slim" xmlns:dcterms="http://purl.org/dc/terms/" xmlns:doc="http://www.lyncode.com/xoai" xmlns:xsi="http://www.w3.org/2001/XMLSchema-instance" xsi:schemaLocation="http://www.loc.gov/MARC21/slim http://www.loc.gov/standards/marcxml/schema/MARC21slim.xsd">
   <leader>00925njm 22002777a 4500</leader>
   <datafield ind2=" " ind1=" " tag="042">
      <subfield code="a">dc</subfield>
   </datafield>
   <datafield ind2=" " ind1=" " tag="720">
      <subfield code="a">Mérida-Rodríguez, Matías Francisco</subfield>
      <subfield code="e">author</subfield>
   </datafield>
   <datafield ind2=" " ind1=" " tag="720">
      <subfield code="a">Perles-Roselló, María Jesús</subfield>
      <subfield code="e">author</subfield>
   </datafield>
   <datafield ind2=" " ind1=" " tag="720">
      <subfield code="a">Reyes-Corredera, Sergio Jesús</subfield>
      <subfield code="e">author</subfield>
   </datafield>
   <datafield ind2=" " ind1=" " tag="260">
      <subfield code="c">2016-11-22</subfield>
   </datafield>
   <datafield ind2=" " ind1=" " tag="520">
      <subfield code="a">El bloqueo de ejes viarios importantes por problemas derivados de riesgos ambientales (desprendimientos, inundaciones, etc.) comporta una situación de vulnerabilidad territorial por los problemas de accesibilidad generados, tanto para la población como para las mercancías, especialmente en ámbitos periurbanos y metropolitanos. Entre otros criterios considerados en su análisis, la vulnerabilidad será mayor cuanto menor sea el número y la viabilidad de las rutas alternativas existentes, y este dato será diferente en función del tramo concreto de carretera afectado por el bloqueo. En este trabajo se ofrece un método de análisis de la viabilidad de las rutas alternativas a un determinado eje viario relevante, con el objetivo de estimar el grado de vulnerabilidad potencial de sus diferentes tramos. La zona de estudio es el valle del Guadalhorce, en la provincia de Málaga, y la carretera seleccionada es la vía autonómica A357, que sirve de conexión entre el ámbito metropolitano de Málaga y el espacio rural del interior de la provincia.</subfield>
   </datafield>
   <datafield ind1="8" ind2=" " tag="024">
      <subfield code="a">http://hdl.handle.net/10630/12434</subfield>
   </datafield>
   <datafield ind1="8" ind2=" " tag="024">
      <subfield code="a">http://orcid.org/0000-0002-9099-4787</subfield>
   </datafield>
   <datafield tag="653" ind2=" " ind1=" ">
      <subfield code="a">Desarrollo urbano</subfield>
   </datafield>
   <datafield ind2="0" ind1="0" tag="245">
      <subfield code="a">Vulnerabilidad territorial en situaciones de bloqueo de ejes viarios. Propuesta de análisis de la viabilidad de las rutas alternativas.</subfield>
   </datafield>
</record>
</metadata></record></GetRecord></OAI-PMH>